NLSUI OPAC header image

The Oxford handbook of intellectual property law / (Record no. 217951)

MARC details
000 -LEADER
fixed length control field 02153cam a2200301 i 4500
001 - CONTROL NUMBER
control field 20275838
005 - DATE AND TIME OF LATEST TRANSACTION
control field 20260428163737.0
008 - FIXED-LENGTH DATA ELEMENTS--GENERAL INFORMATION
fixed length control field 180111s2018 enk b 001 0 eng d
020 ## - INTERNATIONAL STANDARD BOOK NUMBER
International Standard Book Number 9780198758457 (hbk)
082 04 - DEWEY DECIMAL CLASSIFICATION NUMBER
Classification number 346.048 DRE
245 04 - TITLE STATEMENT
Title The Oxford handbook of intellectual property law /
Statement of responsibility, etc. edited by Rochelle C. Dreyfuss and Justine Pila
250 ## - EDITION STATEMENT
Edition statement 1st ed.
264 #1 - PRODUCTION, PUBLICATION, DISTRIBUTION, MANUFACTURE, AND COPYRIGHT NOTICE
Place of production, publication, distribution, manufacture United Kingdom ;
Name of producer, publisher, distributor, manufacturer Oxford University Press,
Date of production, publication, distribution, manufacture, or copyright notice 2018.
300 ## - PHYSICAL DESCRIPTION
Extent xii, 1010 p. ;
Dimensions 26 cm.
365 ## - TRADE PRICE
Price amount Rs. 26414.00
490 1# - SERIES STATEMENT
Series statement Oxford handbooks
505 00 - FORMATTED CONTENTS NOTE
Miscellaneous information Part I. Introduction --<br/>Part II. Social and normative foundations --<br/>Part III. Emergence and development --<br/>Part IV. Rights --<br/>Part V. The political economy of intellectual property.
520 ## - SUMMARY, ETC.
Summary, etc. This Handbook examines intellectual property (IP) law at a particular point in time. It takes a theoretical approach to IP, viewing IP rights though a variety of lenses; for example, IP as a public interest mechanism, the impact of the Internet on IP, and how IP relates to human rights, climate change, and public health. It considers issues of IP licensing and cross-border IP enforcement, remedies for the infringement of IP rights, the interplay between user innovation and patent doctrine, how IP limits competition law, and the possibility of privately ordering the use of IP. Some chapters discuss the emergence and development of IP regimes in different jurisdictions and regions throughout the world, including South America, Western Europe, United States, the Middle East, and Africa. The book also explores patent law, copyright, trademarks and geographical indications, design rights, rights in data and information, and overlaps among these rights.
650 #0 - SUBJECT ADDED ENTRY--TOPICAL TERM
Topical term or geographic name entry element Intellectual property.
650 #0 - SUBJECT ADDED ENTRY--TOPICAL TERM
Topical term or geographic name entry element Intellectual property (International law)
650 #7 - SUBJECT ADDED ENTRY--TOPICAL TERM
Topical term or geographic name entry element Intellectual property.
Source of heading or term fast
Authority record control number or standard number (OCoLC)fst00975774
650 #7 - SUBJECT ADDED ENTRY--TOPICAL TERM
Topical term or geographic name entry element Intellectual property (International law)
Source of heading or term fast
Authority record control number or standard number (OCoLC)fst00975795
650 #7 - SUBJECT ADDED ENTRY--TOPICAL TERM
Topical term or geographic name entry element 86.70 competition law.
Source of heading or term nbc
Authority record control number or standard number (NL-LeOCL)077608321
700 1# - ADDED ENTRY--PERSONAL NAME
Personal name Dreyfuss, Rochelle Cooper
700 1# - ADDED ENTRY--PERSONAL NAME
Personal name Pila, Justine
830 #0 - SERIES ADDED ENTRY--UNIFORM TITLE
Uniform title Oxford handbooks.
942 ## - ADDED ENTRY ELEMENTS (KOHA)
Source of classification or shelving scheme Dewey Decimal Classification
Koha item type BOOKs
Holdings
Withdrawn status Lost status Source of classification or shelving scheme Materials specified (bound volume or other part) Damaged status Not for loan Home library Current library Shelving location Date acquired Source of acquisition Cost, normal purchase price Total Checkouts Full call number Barcode Date last seen Price effective from Koha item type Public note
    Dewey Decimal Classification HB   Not For Loan . . Circulation Counter 28.04.2026 Purchased - Educational Supplies 26414.00   346.048 DRE 40825 28.04.2026 28.04.2026 BOOKs Recommended by Dr. Sulok S K and others.